Statistics for Famous People Named Kurt, Curt, or Curtis

Click here to take the quiz!

General Stats

  • This quiz has been taken 90 times
  • The average score is 5 of 12

Answer Stats

LifeHintPerson% Correct
1967–1994Frontman of the band NirvanaKurt Cobain
95%
1958–Actress famous for Halloween, A Fish Called Wanda, and True LiesJamie Lee Curtis
74%
1922–2007Author of novels like Slaughterhouse-Five and Cat's CradleKurt Vonnegut
59%
1951–Actor of Escape from New York and Big Trouble in Little ChinaKurt Russell
53%
1942–1999Soul singer of "Super Fly" and the Impressions' "People Get Ready"Curtis Mayfield
35%
1966–MLB pitcher with over 3000 strikeoutsCurt Schilling
24%
1900–1950German composer of The Threepenny Opera and its "Mack the Knife"Kurt Weill
24%
1945–Longtime host of MTV NewsKurt Loder
23%
FictionalThe teenage narrator of the novel The OutsidersPonyboy Curtis
23%
1961–Tears for Fears co-founder; sang on "Everybody Wants to Rule the World"Curt Smith
20%
1968–New Zealander actor of Blow, Training Day, and Doctor SleepCliff Curtis
14%
1906–1978German logician, one the three subjects of _____, Escher, BachKurt Gödel
14%

Score Distribution

Percentile by Number Answered

Percent of People with Each Score

Your Score History

You have not taken this quiz